书目信息 |
| 题名: |
郁达夫抗战诗文抄
|
|
| 作者: | 郁达夫 著 ;王孙 , 熊融 编 | |
| 分册: | ||
| 出版信息: | 福州 福建人民出版社 1982 |
|
| 页数: | 262页 | |
| 开本: | 19cm | |
| 丛书名: | 上海抗战时期文学丛书 | |
| 单 册: | ||
| 中图分类: | I216.2 , I211 | |
| 科图分类: | ||
| 主题词: | 文学--作品--中国--现代--选集 | |
| 电子资源: | ||
| ISBN: | ||
| 000 | 00797oam2 2200277 450 | |
| 001 | 1560306421 | |
| 005 | 20150124164528.51 | |
| 010 | @dCNY0.68 | |
| 091 | @a10173.349 | |
| 100 | @a19950607d1982 em y0chiy0110 ea | |
| 101 | 0 | @achi |
| 102 | @aCN@b350000 | |
| 105 | @af z 000gy | |
| 200 | 1 | @a郁达夫抗战诗文抄@9yu da fu kang zhan shi wen chao@f郁达夫著@g王孙, 熊融编 |
| 210 | @a福州@c福建人民出版社@d1982 | |
| 215 | @a262页@c照片@d19cm | |
| 225 | 2 | @a上海抗战时期文学丛书 |
| 461 | 0 | @12001 @a上海抗战时期文学丛书 |
| 606 | 0 | @a文学@x作品@y中国@z现代@x选集 |
| 690 | @aI216.2@v5 | |
| 690 | @aI211@v4 | |
| 701 | 0 | @a郁达夫@9yu da fu@f(1896.12~1945.8)@4著 |
| 702 | 0 | @a王孙@9wang sun@4编 |
| 702 | 0 | @a熊融@9xiong rong@4编 |
| 801 | 0 | @aCN@bTSSF@c20150124 |
| 905 | @aZUCC@dI211@eJY48 | |
| 郁达夫抗战诗文抄/郁达夫著/王孙, 熊融编.-福州:福建人民出版社,1982 |
| 262页:照片;19cm.-(上海抗战时期文学丛书) |
| ISBN :CNY0.68 |
| ● |
| 相关链接 |
|
|
|
|
正题名:郁达夫抗战诗文抄
索取号:I211/JY48
 
预约/预借
| 序号 | 登录号 | 条形码 | 馆藏地/架位号 | 状态 | 备注 |
| 1 | 7842100 | 278421003 | 学院路分馆/ [索取号:I211/JY48] | 在馆 | |
| 2 | 7842101 | 278421012 | 学院路分馆/ [索取号:I211/JY48] | 在馆 |